000 00431nam a2200145 i 4500
001 64704
003 ES-MaACL
005 20230906165206.0
007 t|
008 040105s1961 sp ||||1| spa d
245 0 0 _aFormulario de documentos, contratos, instancias, solicitudes, documentos judiciales.
260 _aBarcelona :
_bMequel A. Salvatella,
_c[1961]
300 _a112 p. ;
_c21 cm.
852 _aES-MaACL
_jC-20473
_bR.47127
999 _c64704
_d64704